000 00522nam a22001817a 4500
999 _c7825
_d7825
003 OSt
005 20220317102209.0
008 220317b ||||| |||| 00| 0 eng d
020 _a9781904685289
040 _cDDC
082 _a305.3 JON 2006
100 _aJonathan: Anna Gallagher
_915927
245 _aYoung woman
_b: a young woman's guide to teenage sexuality
260 _aNewyork
_b: Hodder and Stoughton ltd
_c, C 2006
300 _aiii, 180p.
_b; ill
_c; 25 cm
650 _aSex education
_915928
942 _2ddc
_cBOOK